Chappell Roan - Paroles Femininomenon - Statistiques

Statistiques générales
  • Ce quiz a été pris 35 fois
  • Le résultat moyen est 422 sur 497
Statistiques - réponses
Hint Réponse % Correct
a
100%
a-,
100%
(a
100%
A
100%
I
100%
it
100%
the
100%
you
100%
You
100%
and
96%
And
96%
fem
96%
fem)
96%
fucking
96%
go
96%
He
96%
he
96%
me?
96%
so
96%
Couplet 2 So
96%
um,
96%
beat?
92%
beat
92%
bitch
92%
bitch)
92%
but
92%
But
92%
can
92%
hot
92%
hot)
92%
on
92%
play
92%
Play
92%
song
92%
with
92%
It's
88%
(It's
88%
it's
88%
like
88%
like)
88%
femininomenon
85%
get
85%
Get
85%
(Get
85%
is
85%
know
85%
Make
85%
(Make
85%
make
85%
need
85%
really
85%
that
85%
we
85%
what
85%
what?)
85%
your
85%
does
81%
don't
81%
Got
81%
him
81%
Bridge Ladies,
81%
mean
81%
(No)
81%
of
81%
Papa
81%
to
81%
understand,
81%
why
81%
any
77%
can't
77%
I'm
77%
in
77%
John
77%
love
77%
man
77%
friends
73%
from
73%
his
73%
"Let's
73%
let's
73%
meet
73%
sick
73%
up"
73%
coffee,
69%
disappeared
69%
happen?
69%
Pré-refrain Hit
69%
Pré-refrain | Refrain hit
69%
(Hit
69%
How
69%
pictures
69%
said
69%
sent
69%
time
69%
you're
69%
again
65%
back
65%
Boston
65%
he's
65%
lost
65%
phone
65%
playlists
65%
pom
65%
pretend
65%
rom
65%
Couplet 1 Same
65%
say
65%
second
65%
sex
65%
story,
65%
'Bout
62%
close
62%
girlfriend
62%
good
62%
mother
62%
old
62%
online
62%
stop
62%
such
62%
about
58%
feeling
58%
hear
58%
listened
58%
lover
58%
Lying
58%
Should've
58%
sorry
58%
wanted,
58%
at
54%
goddamn
54%
laundry
54%
Crying
50%
Did
50%
dude,
50%
folding
50%
nail
50%
out
50%
salon
50%
suburbs,
50%
then
50%
working
50%
Stuck
46%
Well,
42%
Aucun quiz correspondant
Distribution des résultats
% des personnes avec chaque résultat
Percentile par nombre de réponses
Votre historique - résultats
Vous n’avez pas pris ce quiz